00987 a2200217 4500003000500000005001700005040000900022082001000031100003400041245012500075260003700200300001400237505022900251538002900480650001500509651001100524942000800535999001900543952010400562952010300666Nust20170207153207.0 cNust a005.1 aAhmad, Syed Zubair ( MSCS-8) aAn optimized handoff procedure for quality of service (QoS) -aware mobility management in mobile IPcSyed Zubair Ahmad  bMCS, NUSTcSep, 2004aRawalpindi ax,93, p.; aIntroduction (page-1) Research methodologies (page-8) Mobile IP (page-11) Wireless communications (page-22) Analysis of mobile IP handoff procedure (page-44) Analyticaland simulation modeling (page-68) Conclusions (page-79) aAlmirah No 73 Shelf No 1 aPG Thesis aMSCS-8 cTHS c181232d181232 00102ddc40708NFICaMCSbMCSd2016-12-12l0o005.1 AHMpMCSTCS-246r2016-12-08w2016-12-12yBK 00102ddc40708NFICaMCSbMCSd2016-12-12l0o005.1 AHMpMCSTCS-41r2016-12-08w2016-12-12yBK